000 00355nam a22001577a 4500
999 _c14403
_d14403
003 OSt
005 20260303102449.0
008 260211b ||||| |||| 00| 0 eng d
020 _a9788192965628
082 _a720.954
_bSAB
100 _aSangeeth Sharma
245 _aCubist Modernism :
260 _bThomson Press.
300 _b358p. :
942 _2ddc